La conquista del Poder: (Record no. 1107)

000 -CABECERA
fixed length control field 00838nam a22002177a 4500
003 - IDENTIFICADOR DEL NÚMERO DE CONTROL
control field AR-CdUCM
008 - DATOS DE LONGITUD FIJA--INFORMACIÓN GENERAL
fixed length control field 190226b ||||| |||| 00| 0 spa d
040 ## - FUENTE DE LA CATALOGACIÓN
Agencia/entidad que catalogó originalmente la obra MUNICIPALIDAD PROVINCIAL DEL CUSCO
Entidad que transcribió la catalogación BIBLIOTECA MUNICIPAL DEL CUSCO
082 ## - NÚMERO DE LA CLASIFICACIÓN DECIMAL DEWEY
No. de la edición 3ra. ed.
No. de Clasificación 320 /
Notacion interna M26
100 ## - ENTRADA PRINCIPAL--NOMBRE DE PERSONA
Nombre Personal Marianetti, Benito
245 ## - MENCIÓN DE TÍTULO
Título La conquista del Poder:
Resto del título El Estado - La democracia - El Proletariado en Armas - El proletariado en el Poder /
Mención de responsabilidad Marianetti, Benito
260 ## - PUBLICACIÓN, DISTRIBUCIÓN, ETC.
Lugar de publicación, distribución, etc. Buenos Aires - Argentina:
Nombre de la editorial, distribuidor, etc. Claridad ,
Fecha de publicación, distribución, etc. SF.
300 ## - DESCRIPCIÓN FÍSICA
Nº de Páginas Extensión 144 paginas :
Dimensiones 18.3 cm.
505 ## - NOTA DE CONTENIDO CON FORMATO
Nota de contenido formateada Pensamiento de Lennin -- Una tecnica del Golpe de Estado -- El proletariado de Armas...
650 ## - PUNTO DE ACCESO ADICIONAL DE MATERIA--TÉRMINO DE MATERIA
Descriptor Lennin.
9 (RLIN) 4332
650 ## - PUNTO DE ACCESO ADICIONAL DE MATERIA--TÉRMINO DE MATERIA
Descriptor Socialismo.
9 (RLIN) 1037
650 ## - PUNTO DE ACCESO ADICIONAL DE MATERIA--TÉRMINO DE MATERIA
Descriptor Proletariado.
9 (RLIN) 4333
700 ## - PUNTO DE ACCESO ADICIONAL--NOMBRE DE PERSONA
Nombre Personal Marianetti, Benito
9 (RLIN) 4331
942 ## - ELEMENTOS DE PUNTO DE ACCESO ADICIONAL (KOHA)
Fuente de clasificación
Tipo de item Libros-BMC
945 ## - PROCESAMIENTO DE INFORMACIÓN LOCAL (OCLC)
Catalogador rtm
AAAA-MM-DD - Fecha de ingreso o modificacion 2019-02-26
Holdings
Estado de retiro (separado) Fuente de clasificación o esquema de estanterías Estado dañado Ubicación Sala donde se ubica Nombre de la colección Fecha de adquisición o compra Costo, precio normal en soles Signatura topográfica Código de Barras Última vez visto (Koha) Tipo de ítem (Koha)
No     Sala Humanidades Sala Humanidades Book Cart 2019-02-26 20.00 320 / M26 SH0000001272 2019-02-26 Libros-BMC

Powered by Koha